Ciné Quiz #1 - Statistiques

Statistiques générales
  • Ce quiz a été pris 66 fois
  • Le résultat moyen est 9 sur 15
Statistiques - réponses
Par images Réponse % Correct
Les Évadés - Frank Darabont
87%
Drive - Nicolas Winding Refn
84%
Gladiator - Ridley Scott
80%
Princesse Mononoké - Hayao Miyazaki
66%
Se7en - David Fincher
66%
12 Hommes en colère - Sidney Lumet
64%
Taxi Driver - Martin Scorcese
64%
Les Affranchis - Martin Scorcese
62%
Green Book - Peter Farrelly
54%
Once Upon a Time... in Hollywood - Quentin Tarantino
54%
Heat - Michael Mann
51%
Premier Contact - Denis Villeneuve
46%
Training Day - Antoine Fuqua
41%
Le Stratège - Bennett Miller
33%
Dallas Buyers Club - Jean-Marc Vallée
31%
Aucun quiz correspondant
Distribution des résultats
% des personnes avec chaque résultat
Percentile par nombre de réponses
Votre historique - résultats
Vous n’avez pas pris ce quiz